01335nam a2200325Ia 4500001001200000003000800012006001900020007001500039008004100054010001700095020002800112020003100140040002100171035002100192050002500213082001900238100002700257245014100284260006600425300001900491504005300510533015200563650003200715650003600747650003000783655002900813700002400842710001700866856012600883ebr10446989CaPaEBRm u cr cn|||||||||100122s2010 enka sb 001 0 eng d z 2009054068 z1843109956 (alk. paper) z9781843109952 (alk. paper) aCaPaEBRcCaPaEBR a(OCoLC)69811495914aHV40.54b.D38 2010eb04a361.3068/32221 aDavys, Allyson,d1952-10aBest practice in professional supervisionh[electronic resource] :ba guide for the helping professions /cAllyson Davys and Liz Beddoe. aLondon ;aPhiladelphia :bJessica Kingsley Publishers,c2010. a256 p. :bill. aIncludes bibliographical references and indexes. aElectronic reproduction.bPalo Alto, Calif. :cebrary,d2011.nAvailable via World Wide Web.nAccess may be limited to ebrary affiliated libraries. 0aSocial work administration. 0aSocial workersxSupervision of. 0aSupervision of employees. 7aElectronic books.2local1 aBeddoe, Liz,d1956-2 aebrary, Inc.40uhttp://site.ebrary.com/lib/rucke/Doc?id=10446989zAn electronic book accessible through the World Wide Web; click to view